| 000 | 01032cam a2200301 i 4500 | ||
|---|---|---|---|
| 999 |
_c200437602 _d55814 |
||
| 001 | 200437602 | ||
| 003 | TR-AnTOB | ||
| 005 | 20200217103637.0 | ||
| 007 | ta | ||
| 008 | 190924s2019 tu | ||
| 020 | _a9786050504125 | ||
| 040 |
_aTAÜ _btur _erda _cTAÜ _dTR-AnTOB |
||
| 041 | 0 | _atur | |
| 050 | _aKKX2858 | ||
| 090 |
_aKKX2858 _b.F3535 2019 |
||
| 100 |
_aFalcıoğlu, Egemen _9126976 _eauthor |
||
| 245 |
_aDüzenleyici ve denetleyici kurum işlemlerinin yargısal denetiminin kapsamı ve etkinliği : _bekonomik düzenleme ve denetleme işlevi, karşılaştırmalı hukuk ve Danıştay İçtihatları ışığında / _cAv. Dr. Egemen Falcıoğlu. |
||
| 264 | 1 |
_aAnkara: _bYetkin Yayınları, _c2019. |
|
| 264 | 4 | _c©2019 | |
| 300 |
_a353 pages ; _c24 cm |
||
| 336 |
_ametin _btxt _2rdacontent |
||
| 337 |
_aaracısız _bn _2rdamedia |
||
| 338 |
_acilt _bnc _2rdacarrier |
||
| 504 | _aIncludes bibliographical references. | ||
| 650 | 7 |
_aYönetici bölümleri _2etuturkob _9126979 |
|
| 942 |
_2lcc _cBK |
||